<?xml version="1.0" encoding="UTF-8"?>
<record
    xmlns:xsi="http://www.w3.org/2001/XMLSchema-instance"
    xsi:schemaLocation="http://www.loc.gov/MARC21/slim http://www.loc.gov/standards/marcxml/schema/MARC21slim.xsd"
    xmlns="http://www.loc.gov/MARC21/slim">

  <leader>00750nam a22001937a 4500</leader>
  <controlfield tag="005">20250821163737.0</controlfield>
  <datafield tag="010" ind1=" " ind2=" ">
    <subfield code="a">HIN-129857</subfield>
  </datafield>
  <datafield tag="020" ind1=" " ind2=" ">
    <subfield code="c">320.00</subfield>
    <subfield code="a">9788189679279</subfield>
  </datafield>
  <datafield tag="035" ind1=" " ind2=" ">
    <subfield code="a">HN-102203</subfield>
  </datafield>
  <datafield tag="037" ind1=" " ind2=" ">
    <subfield code="b">DBAD</subfield>
  </datafield>
  <datafield tag="082" ind1=" " ind2=" ">
    <subfield code="a">921</subfield>
  </datafield>
  <datafield tag="100" ind1=" " ind2=" ">
    <subfield code="a">&#x930;&#x93E;&#x935;&#x924;, &#x905;&#x902;&#x91C;&#x940;&#x935; </subfield>
    <subfield code="9">84226</subfield>
  </datafield>
  <datafield tag="245" ind1=" " ind2=" ">
    <subfield code="a">&#x92E;&#x939;&#x93E;&#x928; &#x936;&#x93F;&#x915;&#x94D;&#x937;&#x93E; &#x936;&#x93E;&#x938;&#x94D;&#x924;&#x94D;&#x930;&#x940; &#x921;&#x949; &#x938;&#x930;&#x94D;&#x935;&#x92A;&#x932;&#x94D;&#x932;&#x940; &#x930;&#x93E;&#x927;&#x93E;&#x915;&#x943;&#x937;&#x94D;&#x923;&#x928; /</subfield>
    <subfield code="c">&#x905;&#x902;&#x91C;&#x940;&#x935; &#x930;&#x93E;&#x935;&#x924; </subfield>
  </datafield>
  <datafield tag="260" ind1=" " ind2=" ">
    <subfield code="a">&#x91C;&#x92F;&#x92A;&#x941;&#x930; ,</subfield>
    <subfield code="b">&#x92E;&#x949;&#x921;&#x930;&#x94D;&#x928; &#x92C;&#x941;&#x915; &#x921;&#x93F;&#x92A;&#x94B;,</subfield>
    <subfield code="c">2021 </subfield>
  </datafield>
  <datafield tag="270" ind1=" " ind2=" ">
    <subfield code="a">266, &#x91A;&#x94C;&#x921;&#x93E; &#x930;&#x93E;&#x938;&#x94D;&#x924;&#x93E; ,</subfield>
    <subfield code="b">&#x91C;&#x92F;&#x92A;&#x941;&#x930; ,</subfield>
  </datafield>
  <datafield tag="300" ind1=" " ind2=" ">
    <subfield code="a">120&#x92A;&#x943;.</subfield>
    <subfield code="c">22&#x938;&#x947;&#x92E;&#x940; (&#x938;&#x91C;&#x93F;&#x932;&#x94D;&#x926;)</subfield>
  </datafield>
  <datafield tag="760" ind1=" " ind2=" ">
    <subfield code="b">1</subfield>
  </datafield>
  <datafield tag="942" ind1=" " ind2=" ">
    <subfield code="2">ddc</subfield>
    <subfield code="c">HN</subfield>
    <subfield code="h">921 </subfield>
    <subfield code="m">&#x930;&#x93E;&#x935;&#x924;</subfield>
  </datafield>
  <datafield tag="999" ind1=" " ind2=" ">
    <subfield code="c">211877</subfield>
    <subfield code="d">211877</subfield>
  </datafield>
  <datafield tag="952" ind1=" " ind2=" ">
    <subfield code="0">0</subfield>
    <subfield code="1">0</subfield>
    <subfield code="4">0</subfield>
    <subfield code="7">0</subfield>
    <subfield code="8">NFIC</subfield>
    <subfield code="a">ZLS</subfield>
    <subfield code="b">ZLS</subfield>
    <subfield code="d">2025-06-17</subfield>
    <subfield code="e">DBAD</subfield>
    <subfield code="g">320.00</subfield>
    <subfield code="l">0</subfield>
    <subfield code="o">921  &#x930;&#x93E;&#x935;&#x924;</subfield>
    <subfield code="p">HN-102203</subfield>
    <subfield code="r">2025-06-17 00:00:00</subfield>
    <subfield code="t">1</subfield>
    <subfield code="v">320.00</subfield>
    <subfield code="w">2025-06-17</subfield>
    <subfield code="y">HN</subfield>
  </datafield>
</record>
